000 00843nas a2200277 4500
001 BR0304959
003 BR-BrBNA
005 20231205104134.0
007 ta
008 230509b bl.|||p| |||| 00| 00por d
040 _aBR-BrBNA
_bpor
_cBiblioteca Nacional de Agricultura
041 _a(En)
072 _aL72
100 1 _aMarchiori, C.H.
100 1 _aCaldas, E.R.
100 1 _aAlmeida, K.G.S.
100 1 _aLinhares, A.X.
245 1 _aMuscoid dipterous collected from cattle dung pats in pastures in Itumbiara, Goiás, Brazil
650 _aBOVINO
650 _aPASTAGEM
650 _aFEZES
650 _aDIPTERA
773 0 _tArquivo Brasileiro de Medicina Veterinária e Zootecnia (Brazil)
_xISSN 0102-0935
_g(Feb 2003), v. 55(1) p. 123-125
_wBR0304959
909 _a202311
_bLúcia
_c55
_dLúcia Elande
942 _2AGRIS
_n0
_cANA
999 _c176573
_d176573